000 00475nam a2200181Ia 4500
008 151202s9999||||xx |||||||||||||| ||und||
082 _bPNVM-51305
100 _aकाळे वैजयंती.
245 _aमदहोश.
260 _b---
260 _c51305
300 _a0
600 _aकाळे वैजयंती.
630 _aमदहोश.
700 _aकाळे वैजयंती.
730 _aमदहोश.
942 _cBOOK
999 _c1317845
_d1317842